000 00898nam a22002417a 4500
005 20240530110604.0
008 161026s2015 ua h g b 000 0 ara d
017 _a2014/16532
_bمصر. دار الكتب
020 _a9772329847
040 _aEG-CaGPL
_cEG-CaGPL
082 _221
_a371.911\
_bم خ
100 0 _aمحمد عيد فارس
245 1 0 _aخرائط المكفوفين /
_bمحمد عيد فارس
250 _aط. 1
260 _aالقاهرة :
_bعالم الكتب ،
_c2015 .
300 _a142 ص. :
_bصور ؛
_c24 سم.
650 0 7 _2qrmak
_aالتعليم
_xالوسائل السمعية و البصرية
650 0 7 _2qrmak
_aالتعليم بالخرائط
650 0 7 _2qrmak
_aالمكفوفين
_xطرق القراءة و الكتابة
650 0 7 _2qrmak
_aالمكفوفين
_xتعليم
942 _2ddc
_cBK
999 _c62717
_d62717